Transparent oxide electronics (Record no. 355914)

000 -LEADER
fixed length control field 01894cam a22004578a 4500
001 - CONTROL NUMBER
control field 9626236
003 - CONTROL NUMBER IDENTIFIER
control field USPCAS-E
005 - DATE AND TIME OF LATEST TRANSACTION
control field 20180118181418.0
006 - FIXED-LENGTH DATA ELEMENTS--ADDITIONAL MATERIAL CHARACTERISTICS
fixed length control field m d
007 - PHYSICAL DESCRIPTION FIXED FIELD--GENERAL INFORMATION
fixed length control field cr n
008 - FIXED-LENGTH DATA ELEMENTS--GENERAL INFORMATION
fixed length control field 111118s2012 nju sb 001 0 eng d
020 ## - INTERNATIONAL STANDARD BOOK NUMBER
International Standard Book Number 9780470683736 (cloth)
020 ## - INTERNATIONAL STANDARD BOOK NUMBER
Canceled/invalid ISBN 9781119967002 (ePDF)
020 ## - INTERNATIONAL STANDARD BOOK NUMBER
Canceled/invalid ISBN 9781119966999 (oBook)
020 ## - INTERNATIONAL STANDARD BOOK NUMBER
Canceled/invalid ISBN 9781119967743 (ePub)
020 ## - INTERNATIONAL STANDARD BOOK NUMBER
Canceled/invalid ISBN 9781119967750 (Mobi)
035 ## - SYSTEM CONTROL NUMBER
System control number (WaSeSS)ssj0000659203
040 ## - CATALOGING SOURCE
Original cataloging agency DLC
Transcribing agency DLC
Modifying agency DLC
-- WaSeSS
042 ## - AUTHENTICATION CODE
Authentication code pcc
050 #4 - LIBRARY OF CONGRESS CALL NUMBER
Classification number TK7871.15.F5
Item number T73 2012
050 #4 - LIBRARY OF CONGRESS CALL NUMBER
Classification number TK7871.15.F5T73 2012
082 00 - DEWEY DECIMAL CLASSIFICATION NUMBER
Classification number 621.38152
Edition number 23
Author Mark TRA 2012
210 10 - ABBREVIATED TITLE
Abbreviated title Transparent oxide electronics
245 00 - TITLE STATEMENT
Title Transparent oxide electronics
Medium [electronic resource] :
Remainder of title from materials to devices /
Statement of responsibility, etc. Pedro Barquinha ... [et al.].
260 ## - PUBLICATION, DISTRIBUTION, ETC.
Place of publication, distribution, etc. Hoboken, N.J. :
Name of publisher, distributor, etc. Wiley,
Date of publication, distribution, etc. 2012.
263 ## - PROJECTED PUBLICATION DATE
Projected publication date 1206
502 ## - DISSERTATION NOTE
Dissertation note .
504 ## - BIBLIOGRAPHY, ETC. NOTE
Bibliography, etc. note Includes bibliographical references and index.
505 0# - FORMATTED CONTENTS NOTE
Formatted contents note N-type transparent semiconducting oxides -- P-type transparent conductors and semiconductors -- Gate dielectrics on oxide electronics -- The (r)evolution of thin-film transistors (TFTs) -- Electronics with and on paper -- A glance at current and upcoming applications.
506 ## - RESTRICTIONS ON ACCESS NOTE
Terms governing access License restrictions may limit access.
650 #0 - SUBJECT ADDED ENTRY--TOPICAL TERM
Topical term or geographic name entry element Semiconductor films.
650 #0 - SUBJECT ADDED ENTRY--TOPICAL TERM
Topical term or geographic name entry element Oxides
General subdivision Electric properties.
650 #0 - SUBJECT ADDED ENTRY--TOPICAL TERM
Topical term or geographic name entry element Thin film transistors.
650 #0 - SUBJECT ADDED ENTRY--TOPICAL TERM
Topical term or geographic name entry element Transparent semiconductors.
700 1# - ADDED ENTRY--PERSONAL NAME
Personal name Barquinha, Pedro.
773 #0 - HOST ITEM ENTRY
Title Wiley-Blackwell Online Books
776 08 - ADDITIONAL PHYSICAL FORM ENTRY
Relationship information Print version:
Title Transparent oxide electronics : from materials to devices
Place, publisher, and date of publication Hoboken, N.J. : Wiley, 2012.
International Standard Book Number 9780470683736
Record control number (DLC) 2011042396
856 40 - ELECTRONIC LOCATION AND ACCESS
Uniform Resource Identifier <a href="http://www.columbia.edu/cgi-bin/cul/resolve?clio9626236">http://www.columbia.edu/cgi-bin/cul/resolve?clio9626236</a>
Public note Full text available from Wiley-Blackwell Online Books
910 ## - USER-OPTION DATA (OCLC)
User-option data Library of Congress record
942 ## - ADDED ENTRY ELEMENTS (KOHA)
Source of classification or shelving scheme
Koha item type Book
Holdings
Withdrawn status Lost status Source of classification or shelving scheme Damaged status Not for loan Collection code Permanent Location Current Location Shelving location Date acquired Source of acquisition Cost, normal purchase price Total Checkouts Full call number Barcode Date last seen Price effective from Koha item type Copy number
            US-Pakistan Center for Advanced Studies in Energy (USPCAS-E) US-Pakistan Center for Advanced Studies in Energy (USPCAS-E)   01/07/2016 Iqra 12372.00   621.38152 TRA 2012 CAS-E0001166 01/07/2016 01/07/2016 Book  
            US-Pakistan Center for Advanced Studies in Energy (USPCAS-E) US-Pakistan Center for Advanced Studies in Energy (USPCAS-E)   01/13/2016 Iqra 12372.00   621.38152 TRA 2012 CAS-E0001167 01/13/2016 01/13/2016 Book C.2
© 2023 Central Library, National University of Sciences and Technology. All Rights Reserved.